000 00202nam a2200097Ia 4500
008 240331s9999 xx 000 0 und d
082 _bPAR
100 _aParanavitana, S
245 0 _aSinhalayo
942 _cL
999 _c2030
_d2030